Pocket history of the church / (Record no. 6997)
[ view plain ]
| 000 -LEADER | |
|---|---|
| fixed length control field | 01633cam a22003254a 4500 |
| 001 - CONTROL NUMBER | |
| control field | 48655917 |
| 003 - CONTROL NUMBER IDENTIFIER | |
| control field | OCoLC |
| 005 - DATE AND TIME OF LATEST TRANSACTION | |
| control field | 20190122112245.0 |
| 008 - FIXED-LENGTH DATA ELEMENTS--GENERAL INFORMATION | |
| fixed length control field | 011213s2002 ilu b 001 0 eng |
| 010 ## - LIBRARY OF CONGRESS CONTROL NUMBER | |
| LC control number | 2001051995 |
| 020 ## - INTERNATIONAL STANDARD BOOK NUMBER | |
| International Standard Book Number | 0830827013 |
| Qualifying information | (pbk. : alk. paper) |
| 020 ## - INTERNATIONAL STANDARD BOOK NUMBER | |
| International Standard Book Number | 9780830827015 |
| Qualifying information | (pbk. : alk. paper) |
| 035 ## - SYSTEM CONTROL NUMBER | |
| System control number | (OCoLC)48655917 |
| 040 ## - CATALOGING SOURCE | |
| Original cataloging agency | DLC |
| Language of cataloging | eng |
| Transcribing agency | DLC |
| Modifying agency | BAKER |
| -- | BTCTA |
| -- | YDXCP |
| -- | HNW |
| -- | OCLCG |
| -- | IG# |
| -- | OCLCF |
| -- | OCLCQ |
| -- | OCLCO |
| -- | CIRBC |
| 042 ## - AUTHENTICATION CODE | |
| Authentication code | pcc |
| 050 00 - LIBRARY OF CONGRESS CALL NUMBER | |
| Classification number | BR145.3 |
| Item number | .B56 2002 |
| 082 00 - DEWEY DECIMAL CLASSIFICATION NUMBER | |
| Classification number | 270 |
| Edition number | 21 |
| Item number | B613H |
| 092 0# - LOCALLY ASSIGNED DEWEY CALL NUMBER (OCLC) | |
| Classification number | 270 |
| Item number | B6133 |
| 100 1# - MAIN ENTRY--PERSONAL NAME | |
| Personal name | Bingham, D. Jeffrey |
| Fuller form of name | (Dwight Jeffrey) |
| 245 10 - TITLE STATEMENT | |
| Title | Pocket history of the church / |
| Statement of responsibility, etc. | D. Jeffrey Bingham. |
| 260 ## - PUBLICATION, DISTRIBUTION, ETC. | |
| Place of publication, distribution, etc. | Downers Grove, Ill. : |
| Name of publisher, distributor, etc. | InterVarsity Press, |
| Date of publication, distribution, etc. | ©2002. |
| 300 ## - PHYSICAL DESCRIPTION | |
| Extent | 189 pages ; |
| Dimensions | 18 cm |
| 336 ## - CONTENT TYPE | |
| Content type term | text |
| Content type code | txt |
| Source | rdacontent |
| 337 ## - MEDIA TYPE | |
| Media type term | unmediated |
| Media type code | n |
| Source | rdamedia |
| 338 ## - CARRIER TYPE | |
| Carrier type term | volume |
| Carrier type code | nc |
| Source | rdacarrier |
| 504 ## - BIBLIOGRAPHY, ETC. NOTE | |
| Bibliography, etc. note | Includes bibliographical references (pages 179-182) and indexes. |
| 505 0# - FORMATTED CONTENTS NOTE | |
| Formatted contents note | Diamonds : the early church. On the heels of the apostle ; Councils of doctrine, cloisters of holiness -- Emeralds : the church in the Middle Ages. Empires, emperors and pastors ; Medieval lessons on prayer, thinking and devotion -- Gold sovereigns : the church in the Protestant Reformation. A river with many tributaries ; The doctrine of salvation in the reformers ; The doctrines of the church and the Scriptures in the reformers -- Chains of Spanish silver : the church in the modern era. The Enlightenment and modernity ; Awakenings and revivals ; Liberalism, missions and evangelicalism. |
| 650 #0 - SUBJECT ADDED ENTRY--TOPICAL TERM | |
| Topical term or geographic name entry element | Church history. |
| 942 ## - ADDED ENTRY ELEMENTS (KOHA) | |
| Source of classification or shelving scheme | Dewey Decimal Classification |
| Koha item type | Books |
| Withdrawn status | Lost status | Source of classification or shelving scheme | Damaged status | Not for loan | Collection code | Home library | Current library | Shelving location | Date acquired | Cost, normal purchase price | Total Checkouts | Full call number | Barcode | Date last seen | Price effective from | Koha item type |
|---|---|---|---|---|---|---|---|---|---|---|---|---|---|---|---|---|
| Dewey Decimal Classification | Non-fiction | Harvest Mission College | Harvest Mission College | General Stacks | 22.01.2019 | 950.00 | 270 B613H | 007853 | 22.01.2019 | 22.01.2019 | Books |
